Wicked Defying Gravity Lyrics - Statistics

General Stats
  • This quiz has been taken 5,431 times
  • The average score is 234 of 322
Answer Stats
Hint Answer % Correct
| (spoken) .. You too | Both | Galinda I
99%
a
94%
gravity
94%
me
94%
no
94%
| Citizens of Oz No
94%
the
94%
Defying
93%
defying
93%
you
93%
so
92%
| Elphaba So
92%
to
91%
To
91%
and
90%
And
90%
| Elphaba I'm
90%
in
88%
Of
88%
of
88%
down
87%
down:
87%
down!
87%
Galinda Down!
87%
go
87%
is
87%
Some
87%
It
85%
it
85%
Someone
84%
someone
84%
with
84%
With
84%
try
83%
i'll
81%
I'll
81%
we
81%
bring
80%
Elphaba Bring
80%
can't
80%
Galinda Can't
80%
change
80%
my
80%
Too
80%
too
80%
back
79%
by
78%
for
78%
has
78%
late
78%
not
78%
through
78%
game
77%
if
77%
Galinda If
77%
It's
77%
rules
77%
that
77%
You're
77%
you're
77%
be
76%
else's
76%
playing
76%
| Elphaba Something
76%
time
76%
changed
75%
same
75%
think
75%
within
75%
at
74%
At
74%
ever
74%
high
73%
there
73%
hope
72%
sleep
72%
never
71%
eyes
70%
fly!
70%
close
69%
happy
69%
happy,
69%
happy!
69%
know!
68%
trust
68%
But
66%
cannot
66%
guess
66%
been
65%
instincts
65%
love
65%
Leap!
64%
| Citizens of Oz Look
64%
'cause
63%
flying
63%
I've
63%
limits
63%
says
62%
Well,
62%
we'll
62%
much
61%
things
61%
cost!
60%
long
60%
sky!
60%
afraid
59%
they're
59%
accepting
58%
comes
58%
find
58%
Losing
58%
lost
58%
pull
58%
western
58%
Wizard
58%
make
57%
that's
57%
till
57%
chance
56%
goodby
56%
Kiss
56%
get
55%
Get
55%
Just
55%
soon
55%
them
55%
all
54%
free
54%
having
54%
understand
54%
was
54%
delusions
53%
end
53%
Ev'ryone
53%
friend:
53%
or
53%
solo
53%
told
53%
us
53%
deserves
52%
Oz
52%
second-guessing
52%
Take
52%
As
51%
Glinda -
51%
gonna
51%
least
51%
| Both There's
51%
don't
50%
her,
50%
her!
50%
her
50%
am
49%
care
49%
lately:
49%
from
48%
greatest
48%
Together
48%
work
48%
how
47%
message
47%
wicked!
47%
wicked
47%
nobody
46%
team
46%
Tell
46%
those
46%
(Spoken Part) Unlimited
46%
unlimited
46%
Elphaba They'll
45%
we're
45%
win
45%
buy
44%
grandeur
44%
ground
44%
I'd
44%
live
44%
one
44%
regret
44%
sooner
44%
tandem:
44%
way
44%
fight
43%
really
42%
Dreams,
41%
planned
41%
she's
41%
brings
40%
bliss
39%
Elphaba Ahh!
35%
'em
34%
mourns
33%
match
30%
renown
26%
got
21%
we've
20%
who'd
18%
No matching quizzes found
Score Distribution
Percent of People with Each Score
Percentile by Number Answered
Your Score History
You have not taken this quiz